000 00535nam a2200193Ia 4500
999 _c10784
_d10784
003 OSt
005 20200205155409.0
008 190216s9999||||xx |||||||||||||| ||und||
020 _a8127205400
040 _coclc
082 _a338.1
_bLEK/A
100 _aLekhi, R K
_9591
245 0 _aAgricultural Economics /
_cR K Lekhi ; Joginder Singh
250 _a2nd ed.
260 _bKalyani Publishers,
_aLudhiana;
_c2003.
300 _a655p
650 _aEconomics
942 _cBK
_2ddc
_h338.1
_iLEK/A
_k338.1
_mLEK/A